MyGZULibrary

Current psychotherapies / (Record no. 4645)

MARC details
000 -LEADER
fixed length control field 01013cam a22002894a 4500
001 - CONTROL NUMBER
control field 14591380
003 - CONTROL NUMBER IDENTIFIER
control field GZU
005 - DATE AND TIME OF LATEST TRANSACTION
control field 20210317094117.0
008 - FIXED-LENGTH DATA ELEMENTS--GENERAL INFORMATION
fixed length control field 061012s2008 at a b 001 0 eng
010 ## - LIBRARY OF CONGRESS CONTROL NUMBER
LC control number 2006936458
020 ## - INTERNATIONAL STANDARD BOOK NUMBER
International Standard Book Number 9780495097143 (Student ed.)
020 ## - INTERNATIONAL STANDARD BOOK NUMBER
International Standard Book Number 9780495603665
020 ## - INTERNATIONAL STANDARD BOOK NUMBER
International Standard Book Number 0495097144 (Student ed.)
040 ## - CATALOGING SOURCE
Original cataloging agency DLC
Transcribing agency DLC
Modifying agency DLC
050 00 - LIBRARY OF CONGRESS CALL NUMBER
Classification number RC480
Item number .CUR 2008
245 00 - TITLE STATEMENT
Title Current psychotherapies /
Statement of responsibility, etc. editors, Raymond J. Corsini, Danny Wedding ; with the assistance of Frank Dumont.
250 ## - EDITION STATEMENT
Edition statement 8th ed.
260 ## - PUBLICATION, DISTRIBUTION, ETC.
Place of publication, distribution, etc. Australia ;
-- Belmont, CA :
Name of publisher, distributor, etc. Thomson Brooks/Cole,
Date of publication, distribution, etc. c2008.
300 ## - PHYSICAL DESCRIPTION
Extent xvi, 575 p. :
Other physical details ill. ;
Dimensions 26 cm.
504 ## - BIBLIOGRAPHY, ETC. NOTE
Bibliography, etc. note Includes bibliographical references and index.
650 #0 - SUBJECT ADDED ENTRY--TOPICAL TERM
Topical term or geographic name entry element Psychotherapy.
700 1# - ADDED ENTRY--PERSONAL NAME
Personal name Corsini, Raymond J.
Relator term editor
700 1# - ADDED ENTRY--PERSONAL NAME
Personal name Wedding, Danny.
Relator term editor
856 41 - ELECTRONIC LOCATION AND ACCESS
Materials specified Table of contents only
Uniform Resource Identifier <a href="http://www.loc.gov/catdir/toc/fy0713/2006936458.html">http://www.loc.gov/catdir/toc/fy0713/2006936458.html</a>
906 ## - LOCAL DATA ELEMENT F, LDF (RLIN)
a 7
b cbc
c orignew
d 2
e epcn
f 20
g y-gencatlg
942 ## - ADDED ENTRY ELEMENTS (KOHA)
Source of classification or shelving scheme Library of Congress Classification
Koha item type Books
Classification part 480
Item part CUR
Call number prefix RC
Holdings
Withdrawn status Lost status Source of classification or shelving scheme Damaged status Not for loan Collection code Home library Current library Shelving location Date acquired Inventory number Total Checkouts Full call number Barcode Date last seen Date last checked out Copy number Price effective from Koha item type
    Library of Congress Classification     Non-fiction City Campus Library City Campus Library General Stacks 03/17/2021 21200 1 RC480 CUR 2008 004188 05/28/2024 05/18/2024 c.1 03/17/2021 Books
    Library of Congress Classification     Non-fiction City Campus Library City Campus Library General Stacks 03/17/2021 21202 1 RC480 CUR 2008 004183 02/13/2022 02/03/2022 c. 2 03/17/2021 Books
    Library of Congress Classification     Non-fiction City Campus Library City Campus Library General Stacks 03/17/2021     RC480 CUR 2008 029164 03/17/2021   c. 3 03/17/2021 Books
    Library of Congress Classification     Non-fiction City Campus Library City Campus Library General Stacks 03/17/2021     RC480 CUR 2008 027304 03/17/2021   c. 4 03/17/2021 Books
    Library of Congress Classification     Non-fiction City Campus Library City Campus Library General Stacks 03/17/2021 21201 1 RC480 CUR 2008 004187 06/08/2023 06/01/2023 c. 5 03/17/2021 Books
          Non-fiction Mashava Campus Library Mashava Campus Library General Stacks 05/20/2021     RC480 CUR 2008 027305 05/20/2021   c-6 05/20/2021 Books